000
00290nam a2200121 a 4500
008
110104s1989|||| d
100
1
_a
Lenin, Vladimir Iľjič
245
1
0
_a
Zobrané spisy./Zv./49
260
_b
Pravda
_a
Bratislava
_c
1989
020
_c
19
041
_a
slo
044
_a
xo
_c
SK
999
_c
15464
_d
15464